[Event "2nd Ramco Technology Open 2019"]
[Site "Rajapalayam"]
[Date "2019.12.03"]
[Round "7.5"]
[White "Sree Veeramani P"]
[Black "Manigandan, S S"]
[Result "0-1"]
[WhiteElo "1748"]
[BlackElo "2164"]
[Annotator "RC"]
[PlyCount "58"]
[EventDate "2019.12.01"]
[EventType "swiss"]
[EventCountry "IND"]
[SourceTitle "playchess.com"]
[Source "ChessBase"]
[SourceQuality "1"]
[TimeControl "5400+30"]

1. e4 c5 2. Nf3 e6 3. d4 cxd4 4. Nxd4 Nc6 5. c4 Nf6 6. Nc3 Bb4 7. f3 d5 8. cxd5 exd5 9. Bb5 O-O 10. Nxc6 bxc6 11. Bxc6 Nxe4 12. Qd4 Bc5 13. Qxd5 Qh4+ 14. g3 Bf2+ 15. Kd1 Nxg3 16. Bg5 Qh3 17. Bxa8 Nxh1 18. Kd2 Be6 19. Qe4 Qxh2 20. f4 Be1+ 21. Kxe1 Qf2+ 22. Kd1 Qxb2 23. Qxh1 Qxa1+ 24. Kd2 Qb2+ 25. Kd3 Rc8 26. Nd5 Bf5+ 27. Ke3 Qa3+ 28. Kd4 Qd3+ 29. Ke5 Qe2+ 0-1

[Event "2nd Ramco Technology Open 2019"]
[Site "Rajapalayam"]
[Date "2019.12.03"]
[Round "8.1"]
[White "Balkishan, A.."]
[Black "Harikrishnan.A.Ra"]
[Result "1/2-1/2"]
[WhiteElo "2064"]
[BlackElo "2440"]
[Annotator "TA"]
[PlyCount "134"]
[EventDate "2019.12.01"]
[EventType "swiss"]
[EventCountry "IND"]
[SourceTitle "playchess.com"]
[Source "ChessBase"]
[SourceQuality "1"]

{[%evp 17,134,54,53,56,57,38,56,15,44,0,39,27,49,39,82,86,84,89,88,45,287,288,265,281,394,406,357,213,213,213,213,213,214,214,214,213,217,227,224,213,213,213,213,218,218,218,193,135,131,120,122,122,123,131,268,277,271,274,279,281,260,83,91,90,83,83,83,83,83,83,83,83,95,98,113,12,99,45,46,46,53,53,60,73,69,66,149,149,149,152,161,161,206,203,178,41,83,22,22,22,22,22,22,22,22,22,22,22,22,22,29,29,30,30,34,35,35,0,12841]} 1. d4 Nf6 2. c4 e6 3. Nc3 Bb4 4. e3 O-O 5. Bd3 Bxc3+ 6. bxc3 d6 7. Ne2 b6 8. O-O Bb7 9. Ng3 e5 10. e4 {E40: Nimzo-Indian: Rubinstein (4 e3): Unusual Black 4th moves} Re8 11. Qc2 $146 ({Predecessor:} 11. Qf3 Nbd7 12. Re1 h6 13. Nf5 Nf8 14. Qg3 Ng6 {0-1 (48) Jovanovic,A (2240)-Radlovacki,J (2393) Grocka 2015}) 11... Nc6 12. d5 {White is slightly better.} Nb8 13. f4 exf4 14. Bxf4 Nbd7 15. h3 h6 16. Qd2 Nh7 17. e5 $36 {[%mdl 2048] White is in control.} Nxe5 18. Bxh6 gxh6 $2 ({Better is} 18... g6 $1 $14) 19. Qxh6 $18 f5 ({Weaker is} 19... Nxd3 20. Rxf7 $1 {[%mdl 512]} Re1+ 21. Rxe1 Kxf7 22. Qxh7+ Kf8 23. Rf1+ Nf4 24. Rxf4+ Qf6 25. Rxf6+ Ke8 26. Qg8+ Ke7 27. Rf7#) 20. Bxf5 Qe7 (20... Re7 $142) 21. Nh5 {Bxh7+ would kill now.} Rf8 {intending ...Ba6.} 22. Rf4 (22. Bxh7+ $142 Qxh7 23. Rxf8+ Rxf8 24. Nf6+ Rxf6 25. Qxf6) 22... Rxf5 23. Rxf5 Rf8 24. Raf1 {aiming for Rxf8+.} Rxf5 25. Rxf5 Ba6 26. Nf6+ Nxf6 27. Rg5+ Kf7 {Strongly threatening ...Qf8.} 28. Rg7+ Ke8 29. Rxe7+ Kxe7 30. Qg7+ Nf7 31. g4 $1 Ne8 32. Qg6 (32. Qh7 $1 $18) 32... Bxc4 $16 33. Qe6+ Kf8 34. g5 Ne5 35. h4 Be2 (35... Bxa2 $16 36. h5 Bb1) 36. Qh6+ $1 $18 Kg8 {[#]} 37. g6 $1 Nf6 38. g7 Nh7 {[#]} 39. h5 $2 (39. Qe6+ $1 $18 {and the rest is easy.} Kxg7 40. Qe7+ Kg6 41. Qxc7) 39... Bg4 $16 40. Kf1 Bh3+ 41. Ke2 Bd7 42. Kd2 Bc8 43. Kc2 Bd7 44. Kb3 Bg4 45. c4 Bd7 46. Kc3 Bc8 (46... a5 $11 {remains equal.}) 47. Qf4 (47. a4 $16) 47... Kxg7 $14 48. Qh4 {And now Qe7+ would win.} Nf6 $1 49. h6+ Kg6 {[#]} 50. h7 $1 {[%cal Rh7h8][%mdl 512]} Nxh7 51. Qd8 {[%mdl 64] Double Attack} Bf5 (51... Ba6 $14) 52. Qxc7 $16 Nf7 53. Qxa7 Nf6 54. Qxb6 Nd7 55. Qa7 {Hoping for a4.} Nc5 56. a4 (56. Qe7 $18) 56... Bc8 57. a5 (57. Qa8 $16 Ba6 58. Kd4) 57... Kf6 $11 58. Qb8 Ba6 59. Qc7 Ne4+ 60. Kd4 Nc5 $1 61. Qb8 {Threatens to win with Qb6.} Ke7 62. Qa7+ Kf6 63. Qc7 Nb3+ 64. Kc3 Nc5 65. Kb4 Nd3+ 66. Ka3 Nc5 67. Kb4 Ke5 $2 {[%mdl 40960] Accuracy: White = 66%, Black = 63%. . An unexpected result.} (67... Nd3+ $11 68. Kc3 Nc5) 1/2-1/2

[Event "2nd Ramco Technology Open 2019"]
[Site "Rajapalayam"]
[Date "2019.12.03"]
[Round "8.2"]
[White "Laxman, R.R."]
[Black "Sa, Kannan"]
[Result "1-0"]
[WhiteElo "2444"]
[BlackElo "2032"]
[Annotator "TA"]
[PlyCount "91"]
[EventDate "2019.12.01"]
[EventType "swiss"]
[EventCountry "IND"]
[SourceTitle "playchess.com"]
[Source "ChessBase"]
[SourceQuality "1"]

{[%evp 13,91,33,47,50,50,38,94,65,84,89,107,107,132,143,134,83,108,65,91,30,95,77,95,88,134,114,138,129,136,141,136,136,124,145,176,183,213,217,287,300,300,295,294,290,377,358,450,452,633,591,912,913,895,887,791,779,1683,1538,2262,2378,2009,1838,5252,5231,5135,4886,29983,29984,29978,29979,29979,29979,29975,29977,29985,29986,29986,29987,29987,29988]} 1. d4 d5 2. Nf3 e6 3. c4 c6 4. Qc2 Nd7 5. g3 Bd6 6. Bg2 f5 7. O-O Ne7 8. b3 {D30: Queen's Gambit Declined: Systems without Nc3} O-O 9. Ba3 Bb8 $146 ({Better is} 9... Bxa3 $14 10. Nxa3 b6) ({Predecessor:} 9... Bxa3 10. Nxa3 Ng6 11. Qd2 Qe7 12. Nc2 {0-1 (50) Leito,P (2333)-Ehlvest,J (2536) Puhajarve 2017}) 10. Nbd2 {White is better.} Kh8 11. e3 Rf6 12. Rfd1 Ng8 13. Rac1 Nh6 14. b4 (14. Ng5 $142) 14... a6 15. Nb3 Nf7 16. Nc5 ({White should play} 16. Bb2 $16) 16... b6 (16... Nb6 $11 {remains equal.}) 17. Nd3 (17. Nxe6 {feels hotter.} Rxe6 18. cxd5 Re7 19. dxc6 Nf6 20. d5) 17... Bb7 18. Bb2 $36 {[%mdl 2048] Keeping Black busy.} Bd6 19. c5 Be7 20. cxb6 Nxb6 21. Nc5 Bc8 22. Ne5 Nxe5 23. dxe5 Rf8 {[#]} 24. Bd4 $1 Rb8 25. Bf1 Ra8 {[#]} 26. Nxe6 $1 {[%mdl 576] Discovered Attack, Decoy} Bxe6 27. Qxc6 {[%mdl 64] Double Attack} Bd7 28. Qxb6 Ba4 29. Rd3 Qe8 30. Rdc3 Rb8 (30... Bb5 $142 31. a3 Bxf1) 31. Qxa6 Bxb4 32. Rc7 Ra8 33. Qb7 {[%mdl 64] Double Attack} Rb8 34. Qxd5 f4 35. e6 Rg8 36. Qg5 {[%cal Rd4g7]} Qg6 37. Qxf4 {Threatening mate with Rxg7!} Rbf8 {[#]} 38. Bxg7+ $1 {[%mdl 64] Discovered Attack} Rxg7 39. Qxb4 Ra8 40. Rc8+ {White mates.} Rg8 41. Qd4+ Qg7 42. Rxg8+ Kxg8 43. Qe4 Qa7 {[#]} 44. Rc7 $1 {[%mdl 576] Deflection} Qxc7 45. Qxa8+ Kg7 46. Qxa4 {Accuracy: White = 59%, Black = 32%.} 1-0

[Event "2nd Ramco Technology Open 2019"]
[Site "Rajapalayam"]
[Date "2019.12.03"]
[Round "8.2"]
[White "Laxman, R.R."]
[Black "Sa, Kannan"]
[Result "*"]
[WhiteElo "2444"]
[BlackElo "2032"]
[Annotator "TA"]
[PlyCount "34"]
[EventDate "2019.12.01"]
[EventType "swiss"]
[EventCountry "IND"]
[SourceTitle "playchess.com"]
[Source "ChessBase"]
[SourceQuality "1"]

{[%evp 13,14,50,55]} 1. d4 d5 2. Nf3 e6 3. c4 c6 4. Qc2 Nd7 5. g3 Bd6 6. Bg2 f5 7. O-O Ne7 {Predecessor:} 8. Nbd2 $146 O-O 9. Ne1 Ng6 10. Nd3 Kh8 11. Nf3 h6 12. b4 Qe7 13. a4 dxc4 14. Qxc4 e5 15. dxe5 Ndxe5 16. Ndxe5 Nxe5 17. Nxe5 Bxe5 {0-1 (64) Zaragatski,I (2471)-Appel,H (2212) Nuremberg 2012} *

[Event "2nd Ramco Technology Open 2019"]
[Site "Rajapalayam"]
[Date "2019.12.03"]
[Round "8.3"]
[White "Anup Shankar R"]
[Black "Senthil Maran K"]
[Result "0-1"]
[WhiteElo "1830"]
[BlackElo "2312"]
[Annotator "TA"]
[PlyCount "60"]
[EventDate "2019.12.01"]
[EventType "swiss"]
[EventCountry "IND"]
[SourceTitle "playchess.com"]
[Source "ChessBase"]
[SourceQuality "1"]

{[%evp 14,60,-9,-12,40,19,12,21,31,45,80,78,68,50,54,53,53,35,39,39,67,0,0,0,0,0,0,-9,-10,-24,-30,-31,-32,-30,-9,-9,0,-11,3,-26,-24,-196,-197,-225,-227,-225,-217,-304,-301]} 1. e4 c5 2. Nf3 Nc6 3. c3 Nf6 4. e5 Nd5 5. d4 cxd4 6. cxd4 d6 7. Be2 dxe5 8. dxe5 Ndb4 {B22: Sicilian: 2 c3} (8... g6 $11) (8... e6 9. O-O Be7 10. Nbd2 O-O 11. Nc4 Qc7 12. Qc2 Bd7 13. Qe4 b5 14. Ne3 Ncb4 15. a3 Nxe3 16. Bxe3 {½-½ (65) Savic,M (2539)-Kovacevic,A (2571) Vrnjacka Banja 2013}) 9. Qxd8+ (9. O-O {keeps more tension.} Bf5 10. Qb3 Bc2 11. Qc3 Bd3 12. Bxd3 Qxd3 13. a3) 9... Nxd8 10. Na3 e6 $146 {The position is equal.} ({Predecessor:} 10... Bf5 11. O-O Ndc6 12. Rd1 Nc2 13. Nxc2 Bxc2 14. Re1 e6 15. Bd2 a6 16. Rac1 {0-1 (60) Pales,D (2014)-Danada,T (2099) Slovakia 2014}) 11. O-O Ndc6 12. Nb5 {Black must now prevent Nc7+.} Nd5 13. Bc4 {aiming for Bxd5.} a6 14. Bxd5 axb5 15. Bxc6+ bxc6 16. Be3 c5 17. Rac1 (17. Rfc1 $14) 17... Rxa2 $11 18. Bxc5 Bxc5 19. Rxc5 {[%mdl 64] [#] Double Attack} O-O 20. Nd4 Rxb2 {next ...b4 is good for Black.} 21. Rfc1 Ba6 22. Rc6 Ra2 23. Rb6 h6 24. h3 Rd8 25. Nc6 Rdd2 26. Nb4 {[%mdl 64] [#] Double Attack} Rab2 $1 {[%cal Rb2b4]} 27. Rxa6 $2 (27. Nxa6 $11 {and White is okay.} Rxf2 28. Kh1) 27... Rxb4 $19 28. Ra8+ Kh7 29. Ra7 Kg6 30. g3 (30. Ra3 {was necessary.}) 30... Rbb2 {Accuracy: White = 36%, Black = 40%.} 0-1

[Event "2nd Ramco Technology Open 2019"]
[Site "Rajapalayam"]
[Date "2019.12.03"]
[Round "8.3"]
[White "Anup Shankar R"]
[Black "Senthil Maran K"]
[Result "*"]
[WhiteElo "1830"]
[BlackElo "2312"]
[Annotator "TA"]
[PlyCount "37"]
[EventDate "2019.12.01"]
[EventType "swiss"]
[EventCountry "IND"]
[SourceTitle "playchess.com"]
[Source "ChessBase"]
[SourceQuality "1"]

{[%evp 8,8,4]} 1. e4 c5 2. Nf3 Nc6 3. c3 Nf6 4. e5 Nd5 {Predecessor:} 5. Bc4 $146 Nb6 6. Bb3 d5 7. exd6 Qxd6 8. O-O Be6 9. d4 cxd4 10. Na3 Bxb3 11. axb3 a6 12. Nxd4 Nxd4 13. Be3 Nf5 14. Qxd6 Nxd6 15. Bxb6 Rc8 16. Rad1 Rc6 17. Be3 e5 18. Rd5 f6 19. Rfd1 {½-½ (55) Vachier Lagrave,M (2778)-Carlsen,M (2882) Saint Louis 2019} *

[Event "2nd Ramco Technology Open 2019"]
[Site "Rajapalayam"]
[Date "2019.12.03"]
[Round "8.4"]
[White "Lokesh, N.."]
[Black "Aswath S"]
[Result "1-0"]
[WhiteElo "2238"]
[BlackElo "1813"]
[Annotator "TA"]
[PlyCount "81"]
[EventDate "2019.12.01"]
[EventType "swiss"]
[EventCountry "IND"]
[SourceTitle "playchess.com"]
[Source "ChessBase"]
[SourceQuality "1"]

{[%evp 14,81,9,4,13,6,10,13,14,6,12,20,21,8,31,25,52,40,88,81,285,245,279,292,290,125,115,84,102,77,335,339,357,353,535,522,720,715,704,719,680,739,710,359,355,355,326,330,1333,1314,29984,653,1254,1240,1247,1246,1213,1199,1155,1145,29968,29967,29989,29990,29992,29993,29993,29994,29994,29995]} 1. e4 e5 2. Nf3 Nc6 3. Nc3 Nf6 4. Bb5 Bb4 5. O-O O-O 6. d3 Re8 7. Bg5 Bxc3 8. bxc3 d6 {C49: Four Knights: 4 Bb5 Bb4} (8... h6 9. Bh4 d6 10. Re1 Bd7 11. d4 a6 12. dxe5 dxe5 13. Bxf6 Qxf6 14. Qxd7 axb5 15. Qxc7 Qe6 16. Red1 Rxa2 17. Qxb7 Rxc2 18. Qxb5 Rxc3 {½-½ (60) Blomqvist,E (2552)-Dubov,D (2648) Novi Sad 2016}) 9. h3 a6 10. Bxc6 bxc6 {The position is equal.} 11. Rb1 $146 ({Predecessor:} 11. Re1 Bb7 12. Rb1 Rb8 13. Be3 Ra8 14. Rb3 h6 15. Qd2 Qd7 16. Reb1 Rad8 17. c4 d5 18. cxd5 cxd5 19. exd5 Bxd5 {1-0 (54) Makeeva,T-Shutova,T Oktjabrsky 2004}) 11... h6 12. Bh4 Be6 13. a3 Bc8 14. Re1 c5 15. d4 exd4 16. cxd4 g5 $2 {[#]} (16... cxd4 $16 17. Qxd4 g5) 17. Nxg5 $1 $18 {[%mdl 512]} hxg5 18. Bxg5 {Hoping for Qf3.} cxd4 19. Qxd4 (19. Qf3 $18 {and White stays clearly on top.} Bg4 20. hxg4 (20. Qxf6 Qxf6 21. Bxf6 Bd7 $18)) 19... Re5 $16 20. f4 Rxg5 21. fxg5 Nh7 $2 {[%mdl 8192] [#]} (21... Nd7 $16) 22. g6 $1 $18 {[%mdl 512]} Ng5 (22... fxg6 23. Qd5+) 23. gxf7+ Kxf7 (23... Nxf7 $142 24. Rb3 Qh4) 24. Rf1+ Kg6 25. Rb3 c5 26. Qf2 Ra7 27. Rg3 Kh7 28. Qf4 Rg7 {If only Black now had time for ...Qe7....} 29. h4 Ne6 30. Qf5+ Kg8 $2 (30... Kh6 31. Rxg7 {[%mdl 64] Overworked Piece} Nxg7 32. Qf4+ Kh7) 31. Qf7+ Kh7 32. Qh5+ (32. Rf5 $142 Ng5 33. Qh5+ {[%mdl 64] Double Attack} Kg8 34. Rfxg5 Rxg5 35. Rxg5+ Qxg5 36. hxg5 Bb7 37. g6) 32... Kg8 33. Rf7 c4 34. Rfxg7+ Nxg7 {[#]} 35. Qg6 $1 {[%csl Gg3][%cal Rg6g7]} Qf8 36. h5 {White wants to mate with h6.} Kh8 37. Rf3 {[%cal Rf3f8] White mates.} Bf5 38. exf5 Qe7 {[#]} 39. f6 $1 {[%mdl 64] Double Attack} Qe1+ 40. Rf1 {[%csl Gf6][%cal Rg6g7]} Qe3+ 41. Kh1 {Accuracy: White = 75%, Black = 29%.} 1-0

[Event "2nd Ramco Technology Open 2019"]
[Site "Rajapalayam"]
[Date "2019.12.03"]
[Round "8.5"]
[White "Joy, Lazar M.A."]
[Black "Murali Krishnan B T"]
[Result "0-1"]
[WhiteElo "1818"]
[BlackElo "2197"]
[Annotator "TA"]
[PlyCount "92"]
[EventDate "2019.12.01"]
[EventType "swiss"]
[EventCountry "IND"]
[SourceTitle "playchess.com"]
[Source "ChessBase"]
[SourceQuality "1"]

{[%evp 15,92,-24,-1,0,0,-61,-71,-67,-66,-62,-58,-125,-109,-121,-127,-123,-118,-139,-127,-224,-225,-350,-364,-360,-373,-351,-315,-292,-276,-318,-310,-325,-324,-329,-320,-329,-315,-455,-452,-495,-500,-495,-495,-494,-500,-579,-591,-633,-595,-581,-562,-583,-606,-620,-638,-634,-620,-668,-664,-1079,-1048,-1090,-1055,-1216,-1239,-1290,-1404,-1707,-1660,-12844,-4945,-29979,-29980,-29984,-29985,-29985,-29986,-29987,-29988]} 1. Nf3 d5 2. d4 Nf6 3. Bf4 c5 4. e3 Nc6 5. c3 Qb6 6. Qb3 c4 7. Qxb6 axb6 8. Na3 Ra5 9. Bc7 {D02: 1 d4 d5 2 Nf3 sidelines, including 2...Nf6 3 g3 and 2...Nf6 3 Bf4} e6 (9... Bf5 10. Bxb6 Ra6 11. Bc7 e6 12. Nb5 Kd7 13. Be2 Be7 14. O-O Rha8 15. a3 Ne8 16. Bf4 Ra5 {0-1 (63) Pechac,J (2495)-Berezjuk,S (2397) Slovakia 2016}) 10. Bxb6 (10. Nc2 $11) 10... Ra6 $15 11. Bc5 {Black is better.} Bxc5 12. dxc5 Ne4 13. Nb5 {[#]} (13. Nc2 $15) 13... Ke7 $1 $17 14. Be2 Nxc5 15. O-O Rb6 16. a4 Bd7 $146 ({Predecessor:} 16... Nxa4 17. Rxa4 Rxb5 {0-1 (49) Kopasov,E (2050)-Rovnov,V (1895) St Petersburg 2015}) 17. e4 (17. Rfb1 $17 {was called for.}) 17... Nxe4 $19 18. b4 (18. Bd1 $142) 18... cxb3 19. a5 Ra6 20. Nbd4 Ra7 21. Nxb3 Rha8 {[%cal Rc6a5]} 22. Rfc1 Nxa5 23. Nxa5 Rxa5 24. Rxa5 Rxa5 25. Bd3 Nc5 26. Bxh7 (26. Bf1 $142) 26... g6 27. h4 Kf6 28. h5 Kg7 29. hxg6 fxg6 30. Bxg6 Kxg6 31. c4 Kf6 32. cxd5 exd5 33. Rb1 Rb5 34. Re1 Ne4 35. Nd4 Rb2 36. f3 Ng3 37. Kh2 Nf5 38. Ne2 d4 39. Nf4 Ne3 40. Kg3 Bf5 41. Kh2 b5 {[%cal Bb7b5,Bb5b4,Bb4b3][%mdl 32]} 42. Kg1 b4 43. g4 Rb1 {Black mates.} 44. Rxb1 Bxb1 45. Kf2 b3 46. Ne2 Ke5 {Accuracy: White = 26%, Black = 92%.} 0-1

[Event "2nd Ramco Technology Open 2019"]
[Site "Rajapalayam"]
[Date "2019.12.03"]
[Round "8.5"]
[White "Joy, Lazar M.A."]
[Black "Murali Krishnan B T"]
[Result "*"]
[WhiteElo "1818"]
[BlackElo "2197"]
[Annotator "TA"]
[PlyCount "31"]
[EventDate "2019.12.01"]
[EventType "swiss"]
[EventCountry "IND"]
[SourceTitle "playchess.com"]
[Source "ChessBase"]
[SourceQuality "1"]

{[%evp 5,5,7]} 1. Nf3 d5 2. d4 Nf6 3. Bf4 {Predecessor:} e6 $146 4. e3 Bd6 5. Bg3 O-O 6. Nbd2 b6 7. c3 Bb7 8. Bd3 Nbd7 9. Qc2 Bxg3 10. hxg3 h6 11. Rh4 c5 12. Ne5 Rc8 13. f4 a6 14. a4 cxd4 15. exd4 Nxe5 16. fxe5 {0-1 (35) Carlsen,M (2882)-Aronian,L (2765) Saint Louis 2019} *